[Event "Mumbai Mayors Cup 5th"]
[Site "Mumbai"]
[Date "2012.06.07"]
[Round "1"]
[White "Gomez, John Paul"]
[Black "Tawari, Anuj"]
[Result "1-0"]
[WhiteElo "2507"]
[BlackElo "1701"]
[PlyCount "73"]
[EventDate "2012.06.07"]
[EventType "swiss"]
[EventRounds "11"]
[EventCountry "IND"]
[SourceTitle "CBM 148 Extra"]
[Source "ChessBase"]
[SourceDate "2012.06.22"]
[SourceVersion "1"]
[SourceVersionDate "2012.06.22"]
[SourceQuality "1"]

1. e4 g6 2. d4 Bg7 3. Nc3 d6 4. f4 Nf6 5. Nf3 c5 6. Bb5+ Bd7 7. Bxd7+ Qxd7 8. dxc5 0-0 9. cxd6 exd6 10. 0-0 Nc6 11. a3 Rfe8 12. Qd3 Rad8 13. Bd2 Qc8 14. Rae1 Qb8 15. Kh1 Nd7 16. b4 a6 17. Nd5 Rc8 18. Qb3 Nf6 19. Nxf6+ Bxf6 20. f5 Rc7 21. fxg6 hxg6 22. Ng5 Qd8 23. Qg3 Re5 24. h4 Nd4 25. Bf4 Rxg5 26. Bxg5 Bxg5 27. Qxg5 Qxg5 28. hxg5 Ne6 29. e5 d5 30. Rd1 d4 31. Rf2 Rd7 32. c3 Rd5 33. cxd4 Rxd4 34. Rxd4 Nxd4 35. Rd2 Nb5 36. a4 Nc3 37. a5 1-0